000 01218nam a22003617a 4500
003 CHAP
005 20220329143532.0
008 100416s1994 us r 00010 eng d
010 _a98160
011 _a99132
020 _a041249440X
035 _a109817
040 _cCHAP
082 0 4 _a519.54
_bB25
100 1 _aBarndorff Nielsen, O.E.
_910235
245 1 0 _aInference and asymptotics
_c/by O.E. Barndorff-Nielsen and D.R. Cox
260 _aNew York, NY :
_bChapman & Hall,
_c1994
300 _a360 p. :
_bgráfs., tablas
490 0 _aMonographs on Statistics and Applied Probability
_v; 52
590 _aBATCH-UPD
_b10
_c20130110
_lUCH01
_h1611
590 _aBATCH-UPD
_b10
_c20130410
_lUCH01
_h1006
590 _aBATCH-UPD
_b10
_c20130914
_lUCH01
_h0537
590 _aCONVERSION
_b10
_c20130109
_lUCH01
_h1354
650 1 4 _aEstadística.
_938241
650 1 4 _aFunciones.
_943959
650 1 4 _aInferencia estadística.
_958062
650 1 4 _aProbabilidades.
_991687
700 1 _aCox, D.R.
_928739
830 0 _aMonographs on Statistics and Applied Probability
_v; 52
_977617
901 _aBK
942 _cLIBRO
949 _a519.54 B25
_bBC
_cLIBRO
_d33724002168934
_eLIBRO
_gI.249749
_h112305
_i109817
_si
_t$1,751.42
999 _c98160
_d98160